000 00569nam a2200229Ia 4500
003 OSt
005 20221005122833.0
006 a|||||r|||| 00| 0
007 ta
008 221004b |||||||| |||| 00| 0 hin d
024 _a47390
037 _cTextual
040 _aCRL
_cCRL
_bhin
041 _2hin
_ahin
082 _aO152,3M80x, 31K4
100 _aPremchanad
_9632698
245 0 _aKathaigal
260 _c1968
650 _aHINDI LITERATURE
_923866
942 _hO152,3M80x, 31K4
_cTEXL
_2cc
999 _c1045549
_d1045549